000 00255nam a2200097Ia 4500
001 1056574
005 20250827001403.0
008 250824s9999 xx 000 0 und d
245 0 _aKARANTİNA DÖRDÜNCÜ PERDE
_cBEYZA ALKOÇ
260 _bİNDİGO YAYINLARI
999 _c1056574
_d1056574